000 01125nam a22002537a 4500
005 20250127151412.0
008 250127b |||||||| |||| 00| 0 eng d
020 _a978-93-91214-62-3 (hbk)
037 _cTB
040 _aAL
_cAL
041 _2hin
_ahin
084 _aL:5(Δ2) 152R4
_qAL
100 _aपात्र, खगेंद्र
245 _aअध्यातम स्वास्थ्य की संस्कृत पृष्टभूमि : एक समीक्षात्मक अध्ययन
260 _aदिल्ली, भारत:
_bशिवालिक प्रकाशन,
_c2024
300 _axxvii, 359पृ0
365 _b1995.00
_cINR
650 _aचिकित्सा
650 _aअध्यातम
653 _aचिकित्सा
653 _aअध्यातम
942 _2CC
_cTB
_hL:5:(Δ2) 152R4
_n0
999 _c1238272
_d1238272